000 004300000a22001810004500
003 MACL
005 20160130142641.0
008 160130b xxu||||| |||| 00| 0 eng d
040 _aMACL
_cMACL
041 _aEnglish
082 _a823/SID
100 _aSheldon, Sidney
_935361
245 _aIf Tomorrow Comes
260 _bWarner Books
_c1985
_aAmerica
350 _a160
650 _aFiction
_936126
942 _cBK
_k823/She
_2ddc
999 _c32128
_d32128